[Event "Oberliga NRW 0203 II"]
[Site "Germany"]
[Date "2003.02.16"]
[Round "6.1"]
[White "Kupreichik, Viktor D"]
[Black "Wehmeier, Stefan"]
[Result "1-0"]
[WhiteElo "2466"]
[BlackElo "2362"]
[PlyCount "139"]
[EventDate "2002.10.06"]
[EventType "team"]
[EventRounds "9"]
[EventCountry "GER"]
[SourceTitle "EXT 2004"]
[Source "ChessBase"]
[SourceDate "2003.11.25"]
[SourceVersion "1"]
[SourceVersionDate "2003.11.25"]
[SourceQuality "1"]
[WhiteTeam "Plettenberg"]
[BlackTeam "Lippstadt"]
[WhiteTeamCountry "GER"]
[BlackTeamCountry "GER"]

1. e4 c5 2. Ne2 d6 3. g3 e5 4. Bg2 Nc6 5. c3 g6 6. d4 Bg7 7. Be3 cxd4 8. cxd4
Nh6 9. h3 f5 10. Nbc3 O-O 11. Qb3+ Kh8 12. dxe5 dxe5 13. Rd1 Nd4 14. Nxd4 exd4
15. e5 f4 16. Bxf4 g5 17. Bc1 Bxe5 18. Ne4 Nf7 19. O-O Qe7 20. f4 Be6 21. Qd3
gxf4 22. Bxf4 Bg7 23. Rfe1 Rfe8 24. Qb5 Rac8 25. Nf2 Nd6 26. Qb4 Rcd8 27. Nd3
a5 28. Qxa5 Nc4 29. Qc5 Qf7 30. Ne5 Nxe5 31. Bxe5 Bxa2 32. Rxd4 Rc8 33. Bxg7+
Qxg7 34. Rxe8+ Rxe8 35. Kh2 Bg8 36. b4 Re5 37. Qc8 Re2 38. Rg4 Rxg2+ 39. Kxg2
Qb2+ 40. Kf3 Qb3+ 41. Ke2 Qa2+ 42. Kd3 Qd5+ 43. Rd4 Qf3+ 44. Kc2 Qe2+ 45. Rd2
Qe4+ 46. Rd3 Qe2+ 47. Kc3 Qe1+ 48. Kd4 Qxb4+ 49. Ke3 Qe1+ 50. Kf3 Qf1+ 51. Ke4
Qe1+ 52. Re3 Qb1+ 53. Kf4 Qb4+ 54. Kf3 b5 55. g4 Qd4 56. Qe8 b4 57. Qe5+ Qxe5
58. Rxe5 Kg7 59. Kf4 h6 60. Rb5 b3 61. Rb6 Bc4 62. Ke5 Bg8 63. h4 h5 64. g5 Bc4
65. Rb4 Bg8 66. Rb7+ Kg6 67. Rb6+ Kg7 68. Kf5 Bc4 69. Rb7+ Kg8 70. Kf6 1-0

[Event "Oberliga NRW 0203 II"]
[Site "Germany"]
[Date "2003.04.06"]
[Round "8.1"]
[White "Kupreichik, Viktor D"]
[Black "Feygin, Michael"]
[Result "1-0"]
[WhiteElo "2466"]
[BlackElo "2475"]
[PlyCount "115"]
[EventDate "2002.10.06"]
[EventType "team"]
[EventRounds "9"]
[EventCountry "GER"]
[SourceTitle "EXT 2004"]
[Source "ChessBase"]
[SourceDate "2003.11.25"]
[SourceVersion "1"]
[SourceVersionDate "2003.11.25"]
[SourceQuality "1"]
[WhiteTeam "Plettenberg"]
[BlackTeam "Gelsenkirchen"]
[WhiteTeamCountry "GER"]
[BlackTeamCountry "GER"]

1. e4 Nf6 2. e5 Nd5 3. d4 d6 4. Nf3 dxe5 5. Nxe5 Nd7 6. Nf3 e6 7. c4 N5f6 8.
Nc3 c5 9. Be2 Be7 10. O-O O-O 11. Bf4 a6 12. dxc5 Bxc5 13. a3 b6 14. b4 Be7 15.
Qb3 Bb7 16. Rfd1 Qc8 17. Rd2 Rd8 18. Rad1 Nf8 19. Ne5 Rxd2 20. Rxd2 Ng6 21.
Nxg6 hxg6 22. h3 Qe8 23. Qd1 Rd8 24. Bf3 Rxd2 25. Bxd2 Bxf3 26. Qxf3 Qc8 27.
Qd3 Kf8 28. Be3 Qc6 29. Qd4 Nd7 30. Ne4 f5 31. Ng5 Bxg5 32. Bxg5 e5 33. Qd3 Kf7
34. b5 axb5 35. cxb5 Qe6 36. Bd8 Ke8 37. Bc7 Qa2 38. Qd6 Qc4 39. Qxg6+ Qf7 40.
Qd6 Qc4 41. Qg6+ Qf7 42. Qc6 Qe7 43. Bxb6 Qxa3 44. Bc7 (44. Qc8+ $142 Ke7 45.
Bd8+ $18) 44... Ke7 45. b6 Qc5 46. Qxc5+ Nxc5 47. Bxe5 g6 48. Kh2 Kd7 49. g4
fxg4 50. hxg4 Kc6 51. Bd4 Ne4 52. f4 Kb7 53. Kh3 Kc6 54. Kh4 Kd7 55. f5 gxf5
56. gxf5 Nd2 57. Kh5 Nf3 58. Bc3 1-0

[Event "Olympiad-35"]
[Site "Bled"]
[Date "2002.11.07"]
[Round "12.4"]
[White "Kupreichik, Viktor D"]
[Black "Starostits, Ilmars"]
[Result "1-0"]
[WhiteElo "2485"]
[BlackElo "2398"]
[PlyCount "97"]
[EventDate "2002.10.26"]
[EventType "team-swiss"]
[EventRounds "14"]
[EventCountry "SLO"]
[SourceTitle "EXT 2003"]
[Source "ChessBase"]
[SourceDate "2002.11.25"]
[SourceVersion "1"]
[SourceVersionDate "2002.11.25"]
[SourceQuality "1"]
[WhiteTeam "Belarus"]
[BlackTeam "Latvia"]
[WhiteTeamCountry "BLR"]
[BlackTeamCountry "LAT"]

1. e4 c5 2. Nf3 d6 3. d4 cxd4 4. Nxd4 Nf6 5. Nc3 g6 6. Be3 Bg7 7. f3 Nc6 8. Qd2
O-O 9. g4 Be6 10. h4 Nxd4 11. Bxd4 Qa5 12. h5 Rfc8 13. a3 b5 14. h6 Bh8 15. g5
b4 16. Na2 Nd7 17. axb4 Qc7 18. Nc3 Ne5 19. Be2 Nc4 20. Bxc4 Qxc4 21. Bxh8 Kxh8
22. Ra4 Bd7 23. b5 Qc5 24. Qd4+ Qxd4 25. Rxd4 Rc5 26. Rd5 Rac8 27. Kd2 Rc4 28.
Ra1 R8c7 29. Ra4 Rxa4 30. Nxa4 Kg8 31. b6 axb6 32. Nxb6 Bc6 33. Ra5 f6 34. gxf6
exf6 35. Nd5 Bxd5 36. Rxd5 Rc6 37. b4 Kf7 38. b5 Rb6 39. Kc3 Ke6 40. Kb4 Kd7
41. c4 Kc7 42. f4 Rb8 43. e5 dxe5 44. fxe5 f5 45. e6 Re8 46. Rd7+ Kb8 47. Rxh7
Rxe6 48. Rf7 Re8 49. h7 1-0

[Event "BLR-ch 69th"]
[Site "Minsk"]
[Date "2003.03.28"]
[Round "1"]
[White "Kupreichik, Viktor D"]
[Black "Lukashok, Alexandr Nikolaevic"]
[Result "1-0"]
[WhiteElo "2490"]
[BlackElo "2384"]
[PlyCount "57"]
[EventDate "2003.02.28"]
[EventType "tourn"]
[EventRounds "13"]
[EventCountry "BLR"]
[EventCategory "8"]
[SourceTitle "CBM 093 Extra"]
[Source "ChessBase"]
[SourceDate "2003.05.09"]
[SourceVersion "1"]
[SourceVersionDate "2003.05.09"]
[SourceQuality "1"]

1. e4 d6 2. Nc3 Nf6 3. d4 g6 4. Be3 c6 5. Qd2 Bg7 6. Bh6 Bxh6 7. Qxh6 Qa5 8.
Bd3 c5 9. Nf3 cxd4 10. Nxd4 Qb6 11. O-O-O Nc6 12. Bb5 Bd7 13. Bxc6 bxc6 14.
Rhe1 Rb8 15. b3 e5 16. Nf5 Bxf5 17. exf5 Qc5 18. Kb2 Ke7 19. f4 gxf5 20. Qg5
Ke6 21. Rxd6+ Qxd6 22. fxe5 Qxe5 23. Rxe5+ Kxe5 24. Ne2 Nd5 25. c4 Rhg8 26. Qd2
Nb6 27. Qd4+ Ke6 28. Nf4+ Ke7 29. Qe5+ 1-0

[Event "BLR-ch 69th"]
[Site "Minsk"]
[Date "2003.03.04"]
[Round "5"]
[White "Kupreichik, Viktor D"]
[Black "Alekseev, Vadim"]
[Result "1-0"]
[WhiteElo "2490"]
[BlackElo "2409"]
[PlyCount "75"]
[EventDate "2003.02.28"]
[EventType "tourn"]
[EventRounds "13"]
[EventCountry "BLR"]
[EventCategory "8"]
[SourceTitle "CBM 093 Extra"]
[Source "ChessBase"]
[SourceDate "2003.05.09"]
[SourceVersion "1"]
[SourceVersionDate "2003.05.09"]
[SourceQuality "1"]

1. e4 e6 2. d4 d5 3. e5 c5 4. c3 Qb6 5. Nf3 Bd7 6. Na3 Nc6 7. Nc2 cxd4 8. cxd4
Rc8 9. a3 Na5 10. b4 Nb3 11. Rb1 Nxc1 12. Rxc1 a5 13. b5 a4 14. Rb1 Rc3 15. Be2
Bxa3 16. Qd2 Qc7 17. Nxa3 Rxa3 18. O-O Rc3 19. Rfc1 Rxc1+ 20. Rxc1 Qd8 21. Qb4
Ne7 22. Qxa4 O-O 23. Qb4 Nf5 24. h3 h6 25. Bd3 Ne7 26. Qd6 Nc8 27. Qc7 b6 28.
Ne1 Qxc7 29. Rxc7 Rd8 30. Nc2 Kf8 31. Nb4 Ke8 32. Nc6 Bxc6 33. bxc6 Ne7 34. Bb5
Ra8 35. Rb7 Nc8 36. c7+ Ke7 37. Rb8 Ra1+ 38. Kh2 1-0

[Event "BLR-ch 69th"]
[Site "Minsk"]
[Date "2003.03.05"]
[Round "6"]
[White "Kochetkov, Vitali"]
[Black "Kupreichik, Viktor D"]
[Result "0-1"]
[WhiteElo "2396"]
[BlackElo "2490"]
[PlyCount "126"]
[EventDate "2003.02.28"]
[EventType "tourn"]
[EventRounds "13"]
[EventCountry "BLR"]
[EventCategory "8"]
[SourceTitle "CBM 093 Extra"]
[Source "ChessBase"]
[SourceDate "2003.05.09"]
[SourceVersion "1"]
[SourceVersionDate "2003.05.09"]
[SourceQuality "1"]

1. Nf3 d5 2. d4 Nf6 3. g3 c5 4. Bg2 cxd4 5. O-O g6 6. Nxd4 Bg7 7. c4 dxc4 8.
Nb5 Qa5 9. N1a3 a6 10. Bd2 Qd8 11. Nc3 O-O 12. Nxc4 Be6 13. b3 Nc6 14. Rc1 Rc8
15. Be3 Bxc4 16. bxc4 Ng4 17. Bg5 h6 18. Bxc6 hxg5 19. Bxb7 Rxc4 20. Qb3 Rc7
21. Bxa6 Nxf2 22. Kxf2 Bd4+ 23. e3 Bxc3 24. Rfd1 Qa8 25. Bd3 Rb8 26. Be4 Rxb3
27. Bxa8 Rb2+ 28. Kg1 Rxa2 29. Bd5 Re2 30. Rd3 Be5 31. Rxc7 Bxc7 32. Bf3 Rc2
33. Bd1 Rb2 34. Bf3 f5 35. Rb3 Rc2 36. Bd5+ Kg7 37. e4 g4 38. exf5 gxf5 39. Rb1
Kf6 40. Bb3 Rd2 41. Kh1 e5 42. Rc1 Bd6 43. Rc2 Rd3 44. Bc4 Rd1+ 45. Kg2 e4 46.
h3 gxh3+ 47. Kxh3 Rg1 48. Rg2 Rc1 49. Ba6 Rc3 50. Kh2 Be5 51. Be2 Ke6 52. Bh5
Rc8 53. Bd1 Kf6 54. Ba4 Kg5 55. Bc2 Rd8 56. Re2 Rd4 57. Kh3 Rc4 58. Kh2 Kg4 59.
Rg2 Rd4 60. Bb1 Rd8 61. Bc2 Kf3 62. Ba4 Rh8+ 63. Kg1 Bd4+ 0-1

[Event "BLR-ch 69th"]
[Site "Minsk"]
[Date "2003.03.06"]
[Round "7"]
[White "Kupreichik, Viktor D"]
[Black "Kasparov, Sergey"]
[Result "1-0"]
[WhiteElo "2490"]
[BlackElo "2435"]
[PlyCount "53"]
[EventDate "2003.02.28"]
[EventType "tourn"]
[EventRounds "13"]
[EventCountry "BLR"]
[EventCategory "8"]
[SourceTitle "CBM 093 Extra"]
[Source "ChessBase"]
[SourceDate "2003.05.09"]
[SourceVersion "1"]
[SourceVersionDate "2003.05.09"]
[SourceQuality "1"]

1. c4 c5 2. Nf3 Nf6 3. Nc3 e6 4. g3 b6 5. Bg2 Bb7 6. O-O Be7 7. Re1 d6 8. e4 a6
9. d4 cxd4 10. Nxd4 Qc7 11. Be3 Nbd7 12. Rc1 O-O 13. g4 g6 14. g5 Nh5 15. f4
Qd8 16. h4 e5 17. fxe5 dxe5 18. Nf5 Bc5 19. Bh3 Bxe3+ 20. Rxe3 Nc5 21. b4 gxf5
22. Qxh5 Qd4 23. Rce1 Bc8 24. bxc5 f4 25. Nd5 f5 26. Nf6+ Rxf6 27. gxf6 1-0

[Event "BLR-ch 69th"]
[Site "Minsk"]
[Date "2003.03.08"]
[Round "9"]
[White "Kupreichik, Viktor D"]
[Black "Zhigalko, Andrey"]
[Result "1-0"]
[WhiteElo "2490"]
[BlackElo "2450"]
[PlyCount "57"]
[EventDate "2003.02.28"]
[EventType "tourn"]
[EventRounds "13"]
[EventCountry "BLR"]
[EventCategory "8"]
[SourceTitle "CBM 093 Extra"]
[Source "ChessBase"]
[SourceDate "2003.05.09"]
[SourceVersion "1"]
[SourceVersionDate "2003.05.09"]
[SourceQuality "1"]

1. e4 c5 2. g3 d5 3. exd5 Qxd5 4. Nf3 Bg4 5. Bg2 Qe6+ 6. Kf1 Nc6 7. h3 Bh5 8.
d3 Qd7 9. Be3 e6 10. Nbd2 Nf6 11. Nb3 b6 12. g4 Bg6 13. Ne5 Nxe5 14. Bxa8 h5
15. d4 Nc6 16. dxc5 Qc8 17. Bxc6+ Qxc6 18. Rg1 Bxc5 19. Nxc5 bxc5 20. c4 hxg4
21. hxg4 Nd7 22. Qb3 Qf3 23. Rd1 Be4 24. Ke1 Rh3 25. Kd2 f6 26. Kc1 Ne5 27. g5
Kf7 28. gxf6 Kxf6 29. Qb8 1-0

[Event "EU-ch 4th"]
[Site "Istanbul"]
[Date "2003.06.06"]
[Round "7"]
[White "Kupreichik, Viktor D"]
[Black "Jaracz, Pawel"]
[Result "1-0"]
[WhiteElo "2529"]
[BlackElo "2549"]
[Annotator "Gofshtein,L"]
[PlyCount "73"]
[EventDate "2003.05.30"]
[EventType "swiss"]
[EventRounds "13"]
[EventCountry "TUR"]
[SourceTitle "CBM 096"]
[Source "ChessBase"]
[SourceDate "2003.09.25"]
[SourceVersion "1"]
[SourceVersionDate "2003.09.25"]
[SourceQuality "1"]

1. e4 {[%mdl 32]} c5 2. Nf3 d6 3. d4 cxd4 4. Nxd4 Nf6 5. Nc3 a6 6. Bg5 Nbd7 7.
f4 e6 8. Qf3 Qc7 9. O-O-O Be7 10. g4 {Another possibility in this position is
10.Bd3} h6 {the mane line in this variation is 10...b5 11.Bf6 Nf6 12.g5 Nd7}
11. Bxf6 {White exchanges his dark squared bishop but instead gets the
opportunity of an immideate advance on the king side.} Bxf6 12. h4 Qb6 {
Black immideatly attacks the central white knight and drives it off the centre.
} (12... b5 $2 13. Bxb5 $1 axb5 14. Ndxb5 Qc6 15. Rxd6 $40) 13. Nde2 Be7 {
Black retreats his bishop in advance. 13...Nc5 looks logical trying to finish
the development and preparing a long castle. In this case white has a small
but a stable edge. Another possibility 13...g5 looks very interesting. Black
got a nice counterplay in a game below.} (13... Nc5 14. g5 Be7 15. Qg2 Bd7 16.
gxh6 g6 17. h5 Rxh6 18. hxg6 Rxg6 19. Qf3 O-O-O $14 {1/2-1/2 Comp
Zugzwang-Kempinski,R/Lippstadt 1995/EXT 97 (59)}) (13... g5 $5 14. e5 dxe5 15.
fxg5 e4 16. Qxe4 hxg5 17. h5 Ne5 18. Nd4 Bd7 19. Rh3 O-O-O $132 {1-0 Molvig,
H-Kristensen,K/Copenhagen 1995/CBM 45 ext (43)}) 14. g5 Nf8 $146 {A new idea.
Usually 14...Nc5 was played. Black prepares Bd7 and than a long castle. The
knight goes to g6, where it attacks the central squares e5 and f4.} 15. Rg1
hxg5 16. hxg5 Ng6 17. Qg3 Rh5 {Defending against f4-f5. Of course, black's
construction looks artificial and white confidently proves it.} (17... Bd7 18.
Bh3 Qc5 19. Kb1 Rc8 20. f5 Ne5 21. Rh1 $16) 18. Nd4 e5 {Black is practically
forced to start a counterplay as the simple 18.Be2 was a threat, followed by
19.f4-f5.} 19. Nd5 Qd8 20. Nxe7 Qxe7 21. f5 Nf8 (21... exd4 22. fxg6 $40) 22.
Be2 Rh8 23. Nb3 $16 {White has a clear edge. Practically all black's pieces
are out of play. Besides, the d5 square is very weak. The black's king also
doesn't feel very protected.} Bd7 24. Na5 {[%cal Ra5b7,Ra5c4,Rc4e3,Re3d5]} Bb5
25. Nc4 {The knight heads towards d5, so black must exchange it.} Bxc4 26. Bxc4
O-O-O 27. Qb3 Rd7 28. Rdf1 f6 {f5-f6 was a threat, so black is forced to
weaken his position even more.} 29. g6 Rd8 30. Bd5 Qc7 31. Rg3 $1 $18 {A rook
enters the queen side with a decisive effect.} Kb8 32. Rc3 Qe7 33. Qb6 Rd7 34.
Rb3 Kc8 35. Qa7 Rc7 36. Qa8+ Kd7 37. Be6+ 1-0

[Event "NRW Class1 0304"]
[Site "Germany"]
[Date "2003.09.28"]
[Round "1.1"]
[White "Kupreichik, Viktor D"]
[Black "Rotstein, Jefim"]
[Result "1-0"]
[WhiteElo "2501"]
[BlackElo "2393"]
[PlyCount "41"]
[EventDate "2003.09.28"]
[EventType "team"]
[EventRounds "9"]
[EventCountry "GER"]
[SourceTitle "CBM 098 Extra"]
[Source "ChessBase"]
[SourceDate "2004.03.10"]
[SourceVersion "2"]
[SourceVersionDate "2004.03.10"]
[SourceQuality "1"]
[WhiteTeam "Plettenberg"]
[BlackTeam "Koeln Brueck"]
[WhiteTeamCountry "GER"]
[BlackTeamCountry "GER"]

1. e4 c5 2. Ne2 e6 3. d4 cxd4 4. Nxd4 Nf6 5. Nc3 d6 6. g4 a6 7. Bg2 g6 8. g5
Nfd7 9. Be3 Be7 10. f4 Nc6 11. h4 e5 12. Nde2 Nb6 13. b3 Bg4 14. Qd2 Nc8 15.
Bh3 Bxh3 16. Rxh3 exf4 17. Nxf4 O-O 18. O-O-O Nb4 19. Kb2 d5 20. exd5 Bd6 21.
a3 1-0

[Event "NRW Class1 0304"]
[Site "Germany"]
[Date "2003.11.09"]
[Round "3.1"]
[White "Kupreichik, Viktor D"]
[Black "Drabke, Lorenz Maximilian"]
[Result "1-0"]
[WhiteElo "2501"]
[BlackElo "2448"]
[PlyCount "53"]
[EventDate "2003.09.28"]
[EventType "team"]
[EventRounds "9"]
[EventCountry "GER"]
[SourceTitle "CBM 098 Extra"]
[Source "ChessBase"]
[SourceDate "2004.03.10"]
[SourceVersion "2"]
[SourceVersionDate "2004.03.10"]
[SourceQuality "1"]
[WhiteTeam "Plettenberg"]
[BlackTeam "Krefeld"]
[WhiteTeamCountry "GER"]
[BlackTeamCountry "GER"]

1. e4 d5 2. exd5 Qxd5 3. Nc3 Qa5 4. d4 c6 5. Bc4 Bf5 6. Qe2 Nf6 7. Bd2 e6 8.
Nd5 Qd8 9. Ne3 Bg6 10. O-O-O Bd6 11. h4 h6 12. Nf3 Nbd7 13. g4 Ne4 14. Be1 Qc7
15. Bd3 Ndf6 16. Nc4 Bf4+ 17. Kb1 O-O-O 18. Rg1 Rd5 19. Nce5 Bxe5 20. Nxe5 Rxd4
21. Nxg6 fxg6 22. g5 hxg5 23. hxg5 Qh2 24. gxf6 Qxg1 25. fxg7 Rhd8 26. Ba5 Qxf2
27. Bxd8 1-0

[Event "Kish 1st"]
[Site "Kish"]
[Date "2003.12.16"]
[Round "5"]
[White "Kupreichik, Viktor D"]
[Black "Annageldyev, Orazly"]
[Result "1-0"]
[WhiteElo "2496"]
[BlackElo "2472"]
[PlyCount "70"]
[EventDate "2003.12.13"]
[EventType "tourn"]
[EventRounds "11"]
[EventCountry "IRI"]
[EventCategory "8"]
[SourceTitle "CBM 097 Extra"]
[Source "ChessBase"]
[SourceDate "2004.01.13"]
[SourceVersion "1"]
[SourceVersionDate "2004.01.13"]
[SourceQuality "1"]

1. e4 e5 2. Nf3 Nc6 3. Bb5 a6 4. Ba4 Nf6 5. O-O Be7 6. Re1 b5 7. Bb3 O-O 8. a4
Bb7 9. d3 Re8 10. Na3 Bxa3 11. bxa3 d5 12. exd5 Nxd5 13. Ng5 f6 14. Ne4 Nd4 15.
c3 Nxb3 16. Qxb3 Bc6 17. axb5 axb5 18. Bd2 Kh8 19. c4 bxc4 20. Qxc4 Qd7 21. Nc5
Qf5 22. a4 Qg6 23. Ne4 f5 24. Ng5 h6 25. Rec1 Bb7 26. Rab1 Rab8 27. Nf3 Nf4 28.
Bxf4 Bxf3 29. Bg3 Rxb1 30. Rxb1 Ba8 31. f4 e4 32. dxe4 fxe4 33. Qxc7 e3 34. Rb8
Kh7 35. h4 Qxg3 1-0

[Event "BLR-ch 70th"]
[Site "Minsk"]
[Date "2004.03.07"]
[Round "4"]
[White "Kupreichik, Viktor D"]
[Black "Azarov, Sergei Nikolaevich"]
[Result "1-0"]
[WhiteElo "2464"]
[BlackElo "2551"]
[PlyCount "81"]
[EventDate "2004.03.04"]
[EventType "tourn"]
[EventRounds "11"]
[EventCountry "BLR"]
[EventCategory "9"]
[SourceTitle "EXT 2005"]
[Source "ChessBase"]
[SourceDate "2004.11.15"]
[SourceVersion "1"]
[SourceVersionDate "2004.11.15"]
[SourceQuality "1"]

1. e4 e5 2. Nf3 Nc6 3. Bb5 a6 4. Ba4 Nf6 5. O-O Be7 6. d3 b5 7. Bb3 d6 8. a4 b4
9. a5 O-O 10. Nbd2 Be6 11. Nc4 Nd4 12. Nxd4 exd4 13. Qe1 Nd7 14. f4 Kh8 15. Bd2
d5 16. exd5 Bxd5 17. Bxb4 Bxb4 18. Qxb4 Rb8 19. Qa3 Re8 20. Rae1 h6 21. Nd2 Bc6
22. Bxf7 Rxe1 23. Rxe1 Qf6 24. Be8 Qxf4 25. Re2 Kh7 26. Qe7 Ne5 27. Qxe5 Qxe5
28. Rxe5 Bxe8 29. b3 Rd8 30. Nf3 Bc6 31. Rc5 Bxf3 32. gxf3 Rd7 33. Kf2 g5 34.
Rc6 Rd5 35. Rxc7+ Kg6 36. Rc6+ Kh5 37. b4 Rb5 38. Rb6 Rf5 39. Rxa6 g4 40. Rc6
Rxf3+ 41. Kg2 1-0

[Event "BLR-ch 70th"]
[Site "Minsk"]
[Date "2004.03.09"]
[Round "6"]
[White "Kupreichik, Viktor D"]
[Black "Lavretzkij, Roman"]
[Result "1-0"]
[WhiteElo "2464"]
[BlackElo "2390"]
[PlyCount "68"]
[EventDate "2004.03.04"]
[EventType "tourn"]
[EventRounds "11"]
[EventCountry "BLR"]
[EventCategory "9"]
[SourceTitle "EXT 2005"]
[Source "ChessBase"]
[SourceDate "2004.11.15"]
[SourceVersion "1"]
[SourceVersionDate "2004.11.15"]
[SourceQuality "1"]

1. e4 c5 2. Nf3 Nc6 3. d4 cxd4 4. Nxd4 g6 5. Nc3 Bg7 6. Be3 Nf6 7. Bc4 O-O 8.
Bb3 a5 9. O-O d6 10. Ndb5 Bd7 11. Qe2 Ng4 12. Bg5 h6 13. Bd2 e5 14. h3 Nd4 15.
Qd3 a4 16. Bc4 d5 17. Nxd5 Nf6 18. Nxd4 Nxd5 19. Nf5 Nf4 20. Bxf4 gxf5 21. Be3
fxe4 22. Qxe4 Bc6 23. Qf5 Qh4 24. Qg4 Qxg4 25. hxg4 Rfe8 26. Be2 e4 27. Rad1
Bxb2 28. Bxh6 Bc3 29. Bd2 Be5 30. c4 Kg7 31. Be3 Kg6 32. g3 Rab8 33. Kg2 Rbd8
34. Rh1 Rh8 1-0

[Event "Tula Timashkov Memorial"]
[Site "Tula"]
[Date "2004.04.25"]
[Round "3"]
[White "Okrugin, Sergey"]
[Black "Kupreichik, Viktor D"]
[Result "0-1"]
[WhiteElo "2395"]
[BlackElo "2454"]
[PlyCount "36"]
[EventDate "2004.04.??"]
[EventType "tourn"]
[EventRounds "13"]
[EventCountry "RUS"]
[EventCategory "8"]
[SourceTitle "EXT 2005"]
[Source "ChessBase"]
[SourceDate "2004.11.15"]
[SourceVersion "1"]
[SourceVersionDate "2004.11.15"]
[SourceQuality "1"]

1. e4 g6 2. d4 Bg7 3. Nc3 d6 4. Bg5 a6 5. f4 b5 6. h3 Bb7 7. a3 Nf6 8. e5 Nh5
9. Nge2 O-O 10. Rg1 dxe5 11. dxe5 f6 12. exf6 exf6 13. Qxd8 Rxd8 14. g4 fxg5
15. gxh5 gxf4 16. Nxf4 Bd4 17. Rg4 Nd7 18. Nfe2 Ne5 0-1

[Event "Tula Timashkov Memorial"]
[Site "Tula"]
[Date "2004.05.01"]
[Round "11"]
[White "Kupreichik, Viktor D"]
[Black "Andreev, Eduard"]
[Result "1-0"]
[WhiteElo "2454"]
[BlackElo "2445"]
[PlyCount "55"]
[EventDate "2004.04.??"]
[EventType "tourn"]
[EventRounds "13"]
[EventCountry "RUS"]
[EventCategory "8"]
[SourceTitle "EXT 2005"]
[Source "ChessBase"]
[SourceDate "2004.11.15"]
[SourceVersion "1"]
[SourceVersionDate "2004.11.15"]
[SourceQuality "1"]

1. e4 c5 2. Nf3 d6 3. d4 cxd4 4. Nxd4 Nf6 5. Nc3 Nc6 6. Bg5 Qb6 7. Nb3 e6 8.
Be2 Be7 9. O-O O-O 10. Qd2 a6 11. Rad1 Rd8 12. a4 Qc7 13. Qe3 Bd7 14. Rd2 Ne5
15. f4 Nfg4 16. Qg3 Bxg5 17. fxg5 Qb6+ 18. Nd4 Nc6 19. Bxg4 Nxd4 20. Qf2 e5 21.
Nd5 Qa7 22. Qxf7+ Kh8 23. Rdf2 Be6 24. Bxe6 Nxe6 25. Qxe6 Rf8 26. Qxd6 Rxf2 27.
Rxf2 Qd4 28. c3 1-0

[Event "NRW Class2 0405"]
[Site "Germany"]
[Date "2005.01.30"]
[Round "6.2"]
[White "Gruen, Gerd Peter"]
[Black "Kupreichik, Viktor D"]
[Result "0-1"]
[WhiteElo "2367"]
[BlackElo "2452"]
[PlyCount "88"]
[EventDate "2004.10.10"]
[EventType "team"]
[EventRounds "9"]
[EventCountry "GER"]
[SourceTitle "EXT 2006"]
[Source "ChessBase"]
[SourceDate "2005.11.24"]
[SourceVersion "1"]
[SourceVersionDate "2005.11.24"]
[SourceQuality "1"]
[WhiteTeam "Bielefeld"]
[BlackTeam "Plettenberg"]
[WhiteTeamCountry "GER"]
[BlackTeamCountry "GER"]

1. d4 d5 2. Nf3 Nf6 3. c4 dxc4 4. Qa4+ Bd7 5. Qxc4 e6 6. g3 Bc6 7. Bg2 Bd5 8.
Qa4+ Qd7 9. Qxd7+ Nbxd7 10. Nc3 Bb4 11. Bd2 Bxc3 12. Bxc3 Ne4 13. O-O Nxc3 14.
bxc3 c5 15. Rfe1 Be4 16. Rec1 Ke7 17. Nd2 Bxg2 18. Kxg2 Rac8 19. Kf1 Rc7 20.
Ke1 Rhc8 21. Kd1 Nf6 22. h3 Nd5 23. Nb3 cxd4 24. cxd4 Nc3+ 25. Kd2 f5 26. f3 b6
27. Kd3 a5 28. e4 Kd6 29. Rc2 Na4 30. Rxc7 Rxc7 31. Rc1 fxe4+ 32. fxe4 Nb2+ 33.
Kd2 Nc4+ 34. Kd3 b5 35. e5+ Kd5 36. Rf1 a4 37. Nc5 Nxe5+ 38. dxe5 Rxc5 39. Rf7
b4 40. Rxg7 Rc3+ 41. Kd2 Ra3 42. Rxh7 Rxa2+ 43. Kc1 a3 44. h4 b3 0-1

[Event "NRW Class2 0405"]
[Site "Germany"]
[Date "2005.04.03"]
[Round "8.1"]
[White "Kupreichik, Viktor D"]
[Black "Weritz, Juergen"]
[Result "1-0"]
[WhiteElo "2452"]
[BlackElo "2311"]
[PlyCount "69"]
[EventDate "2004.10.10"]
[EventType "team"]
[EventRounds "9"]
[EventCountry "GER"]
[SourceTitle "EXT 2006"]
[Source "ChessBase"]
[SourceDate "2005.11.24"]
[SourceVersion "1"]
[SourceVersionDate "2005.11.24"]
[SourceQuality "1"]
[WhiteTeam "Plettenberg"]
[BlackTeam "Krefeld Turm"]
[WhiteTeamCountry "GER"]
[BlackTeamCountry "GER"]

1. e4 c5 2. Nf3 e6 3. Nc3 a6 4. g3 b6 5. Bg2 Bb7 6. O-O d6 7. d4 cxd4 8. Nxd4
Nd7 9. Re1 Be7 10. Qg4 h5 11. Qe2 h4 12. b3 hxg3 13. hxg3 Rc8 14. Bb2 Ngf6 15.
Rad1 Rc5 16. b4 Rch5 17. g4 Rh4 18. f3 b5 19. a4 bxa4 20. Nxa4 Qc7 21. b5 axb5
22. Nxb5 Qb8 23. Bd4 O-O 24. c4 Rd8 25. Ba7 Qa8 26. Qf2 Ne8 27. Nb6 Nxb6 28.
Bxb6 Rd7 29. c5 d5 30. e5 Qa4 31. Nd4 Rd8 32. c6 Bc8 33. c7 Rd7 34. Ra1 Qb4 35.
Nc6 1-0

[Event "Staufer op 17th"]
[Site "Schwaebisch Gmuend"]
[Date "2005.01.04"]
[Round "6"]
[White "Kupreichik, Viktor D"]
[Black "Welling, Gerard J"]
[Result "1-0"]
[WhiteElo "2437"]
[BlackElo "2361"]
[PlyCount "31"]
[EventDate "2005.01.??"]
[EventType "swiss"]
[EventRounds "9"]
[EventCountry "GER"]
[SourceTitle "EXT 2008"]
[Source "ChessBase"]
[SourceDate "2007.11.25"]
[SourceVersion "1"]
[SourceVersionDate "2007.11.25"]
[SourceQuality "1"]

1. e4 d6 2. d4 Nf6 3. Nc3 e5 4. Nf3 exd4 5. Qxd4 Be7 6. Bf4 O-O 7. O-O-O Nc6 8.
Qd2 a6 9. Bd3 Bg4 10. h3 Bxf3 11. gxf3 Ne5 12. Bxe5 dxe5 13. Rhg1 Ne8 14. f4
exf4 15. Qxf4 Kh8 16. e5 1-0